00501 a2200145 4500010001400000020002300014035001300037037001500050082001200065100002000077245011200097260004400209270007900253300002300332 aENG-86648 c120.00a8187326338 aEN-70181 bDBAD / PUB14a181.4991 aKrishnamurti, J1 aChoiceless awareness :cby J. Krishnamurtiba selection of passages from the teachings of J. Krishnamurti / aChennaibKrishnamurti Foundationsc2007 aVasanta Vihar, 64, Grenways Road,bChennaie600 028mkfinq@md2.vsnl.net.in a176 pc18 cm (Pbk)